[Event "British Chess Championship 2010"]
[Site "Canterbury ENG"]
[Date "2010.07.29"]
[Round "4.12"]
[White "Makepeace, Philip J"]
[Black "Constantinou, Peter"]
[Result "0-1"]
[WhiteElo "2074"]
[BlackElo "2302"]
[PlyCount "156"]
[EventDate "2010.07.27"]
[EventType "swiss"]
[EventRounds "11"]
[EventCountry "ENG"]
[Source "lmi"]
[SourceDate "2010.07.25"]

1. e4 g6 2. d4 d6 3. Nc3 c6 4. Nf3 Bg7 5. a4 Nf6 6. h3 O-O 7. Be3 Nbd7 8. a5 e5
9. Bc4 exd4 10. Nxd4 Re8 11. Bd3 Nc5 12. f3 d5 13. Nde2 dxe4 14. fxe4 Nfxe4 15.
Bxe4 Bxc3+ 16. Nxc3 Qh4+ 17. Bf2 Nxe4 18. Bxh4 Nxc3+ 19. Kf2 Nxd1+ 20. Rhxd1
Bf5 21. a6 b6 22. c3 Kg7 23. Rd6 Re6 24. Rad1 c5 25. Bd8 Rxd6 26. Rxd6 Be6 27.
Ke3 Bc4 28. Ke4 Bxa6 29. Ke5 Bf1 30. Rd2 Kg8 31. Be7 Kg7 32. Kd6 c4 33. Kd7 f5
34. Bd8 h6 35. Bc7 g5 36. Kc6 Bd3 37. g3 Re8 38. b3 Bf1 39. bxc4 Bxh3 40. Ra2
Re4 41. Rxa7 Rxc4+ 42. Kd5 Bf1 43. Bxb6+ Kg6 44. Bd4 Rc8 45. Ra1 Bc4+ 46. Kd6
Kh5 47. Be5 Re8 48. Rh1+ Kg6 49. Re1 Bd3 50. Kd7 Bb5+ 51. Kd6 Rc8 52. Re3 Kh5
53. Re1 Kg4 54. Rb1 Bd3 55. Rd1 Be4 56. Ke6 Re8+ 57. Kf6 Rc8 58. Rd7 h5 59. Rg7
Rc6+ 60. Ke7 Ra6 61. Kd7 Bd5 62. Kc8 h4 63. gxh4 Kxh4 64. Rh7+ Kg4 65. Kd8 f4
66. Rc7 Rc6 67. Rd7 Bg2 68. Rd4 Kf5 69. Bg7 f3 70. Rd5+ Kf4 71. Rd4+ Kg3 72.
Be5+ Kh3 73. Rd2 g4 74. Rd7 Bf1 75. Rh7+ Kg2 76. Rg7 Rc4 77. Bd4 Rxd4+ 78. cxd4
g3 0-1

[Event "British Chess Championship 2010"]
[Site "Canterbury ENG"]
[Date "2010.07.29"]
[Round "4.13"]
[White "Anderson, John"]
[Black "Mason, Donald J"]
[Result "1/2-1/2"]
[WhiteElo "2208"]
[BlackElo "2219"]
[PlyCount "48"]
[EventDate "2010.07.27"]
[EventType "swiss"]
[EventRounds "11"]
[EventCountry "ENG"]
[Source "lmi"]
[SourceDate "2010.07.25"]

1. Nf3 c5 2. e4 d6 3. d4 cxd4 4. Nxd4 Nf6 5. Nc3 a6 6. Bg5 e6 7. f4 Be7 8. Qf3
Qc7 9. O-O-O Nbd7 10. Bd3 h6 11. Bh4 g5 12. e5 gxh4 13. exf6 Bxf6 14. Be4 Qb6
15. Nb3 Qc7 16. Rhe1 Bxc3 17. bxc3 Nf6 18. Qf2 Nxe4 19. Rxe4 Bd7 20. Qxh4 Bc6
21. Red4 Qe7 22. Qf2 O-O-O 23. Na5 Qc7 24. Nxc6 Qxc6 1/2-1/2

[Event "British Chess Championship 2010"]
[Site "Canterbury ENG"]
[Date "2010.07.29"]
[Round "4.14"]
[White "Sugden, John N"]
[Black "Gordon, Stephen J"]
[Result "0-1"]
[WhiteElo "2199"]
[BlackElo "2534"]
[PlyCount "58"]
[EventDate "2010.07.27"]
[EventType "swiss"]
[EventRounds "11"]
[EventCountry "ENG"]
[Source "lmi"]
[SourceDate "2010.07.25"]

1. d4 Nf6 2. c4 e6 3. Nc3 Bb4 4. e3 O-O 5. Bd3 d5 6. a3 Bxc3+ 7. bxc3 dxc4 8.
Bxc4 c5 9. Nf3 Qc7 10. Be2 Nc6 11. O-O Rd8 12. Qc2 e5 13. dxe5 Nxe5 14. c4
Nxf3+ 15. Bxf3 Ng4 16. Bxg4 Bxg4 17. Bb2 f6 18. h3 Be6 19. f4 Rd6 20. Rad1 Rad8
21. Rxd6 Qxd6 22. Qe4 Bf7 23. Rc1 Re8 24. Qc2 Rxe3 25. Rd1 Qe7 26. Bc1 Re4 27.
Qd3 Bxc4 28. Qd8+ Qxd8 29. Rxd8+ Kf7 0-1

[Event "British Chess Championship 2010"]
[Site "Canterbury ENG"]
[Date "2010.07.29"]
[Round "4.15"]
[White "Shaw, Peter"]
[Black "Arkell, Keith C"]
[Result "0-1"]
[WhiteElo "2173"]
[BlackElo "2465"]
[PlyCount "112"]
[EventDate "2010.07.27"]
[EventType "swiss"]
[EventRounds "11"]
[EventCountry "ENG"]
[Source "lmi"]
[SourceDate "2010.07.25"]

1. d4 e6 2. c4 Bb4+ 3. Bd2 Bxd2+ 4. Qxd2 d6 5. Nc3 Nd7 6. g3 f5 7. Bg2 Ndf6 8.
Qc2 Nh6 9. Nf3 O-O 10. O-O Qe7 11. e4 f4 12. e5 Nh5 13. Rfe1 g5 14. d5 g4 15.
Nd4 f3 16. Bf1 Qg7 17. Nxe6 Bxe6 18. dxe6 dxe5 19. Qe4 Nf5 20. Qxe5 Rae8 21.
Rad1 Qxe5 22. Rxe5 Nhg7 23. c5 Nxe6 24. Bc4 Nfg7 25. Rde1 Kf7 26. R1e4 h5 27.
b4 Kf6 28. Bxe6 Rxe6 29. Nd5+ Kf7 30. Nxc7 Rxe5 31. Rxe5 Kf6 32. Rd5 Rf7 33.
Rd6+ Ke5 34. Nb5 Nf5 35. Rd1 a6 36. Nc3 Nd4 37. Re1+ Kf5 38. Nd5 Ne2+ 39. Kf1
Rd7 40. Rd1 Ke5 41. Ne3 Rxd1+ 42. Nxd1 Kd4 43. Ne3 Nc3 44. a3 Nb5 45. a4 Nc3
46. Nf5+ Kc4 47. Nd6+ Kxb4 48. Nxb7 Kxa4 49. c6 Nd5 50. h3 gxh3 51. Kg1 Kb5 52.
Kh2 Kxc6 53. Na5+ Kb5 54. Nb3 Kc4 55. Na5+ Kd3 56. Kxh3 Ke2 0-1

[Event "British Chess Championship 2010"]
[Site "Canterbury ENG"]
[Date "2010.07.29"]
[Round "4.16"]
[White "Bates, Richard A"]
[Black "Williams, Peter A"]
[Result "1/2-1/2"]
[WhiteElo "2382"]
[BlackElo "2145"]
[PlyCount "155"]
[EventDate "2010.07.27"]
[EventType "swiss"]
[EventRounds "11"]
[EventCountry "ENG"]
[Source "lmi"]
[SourceDate "2010.07.25"]

1. d4 d5 2. c4 c6 3. Nf3 dxc4 4. e3 Be6 5. a4 Nf6 6. Nc3 g6 7. Ng5 Bd5 8. e4 h6
9. exd5 hxg5 10. dxc6 Nxc6 11. Bxg5 Qxd4 12. Qxd4 Nxd4 13. O-O-O Ne6 14. Bxc4
Bg7 15. Bxe6 fxe6 16. Kb1 Kf7 17. Bxf6 Bxf6 18. Ne4 Rad8 19. Rxd8 Rxd8 20. Re1
Rd5 21. Kc2 Ra5 22. b3 b5 23. axb5 Rxb5 24. Rd1 a5 25. Rd7 Be5 26. g3 a4 27.
bxa4 Rb4 28. Kd3 Rxa4 29. Rb7 Ra2 30. h4 Ra3+ 31. Ke2 Bf6 32. Rd7 Rb3 33. Rd3
Rb4 34. Kf3 Ra4 35. Rd7 Rb4 36. Rc7 Ra4 37. Rd7 Rb4 38. Ke3 Ra4 39. f3 Be5 40.
Kf2 Bf6 41. Kg2 Ra3 42. Rb7 Rd3 43. Ra7 Rb3 44. Ra8 Rd3 45. Kf2 Rb3 46. Ke2 Rb6
47. Kf2 Rb3 48. Kg2 Rd3 49. Ra2 Re3 50. Rf2 Rb3 51. Kh3 Rb1 52. Kg4 Rb5 53. Rc2
Rd5 54. Rc4 Rd3 55. Nf2 Rd5 56. Nh3 Rb5 57. Re4 Ra5 58. Nf4 Ra6 59. Nd3 Ra5 60.
Rc4 Rd5 61. Nc5 Bd4 62. Ne4 Bf6 63. Rc5 Kg7 64. Rc6 Kf7 65. Rc2 Ra5 66. Rc5 Ra4
67. h5 gxh5+ 68. Rxh5 Kg6 69. Rb5 Rd4 70. Kf4 Rd5 71. Rb7 Ra5 72. Kg4 Rd5 73.
Rc7 Re5 74. Rc6 Kf7 75. Kf4 Rf5+ 76. Ke3 Ra5 77. Nc5 Ra1 78. Ne4 1/2-1/2

[Event "British Chess Championship 2010"]
[Site "Canterbury ENG"]
[Date "2010.07.29"]
[Round "4.17"]
[White "Baker, Chris W"]
[Black "Henderson, Ian R"]
[Result "1-0"]
[WhiteElo "2307"]
[BlackElo "2108"]
[PlyCount "49"]
[EventDate "2010.07.27"]
[EventType "swiss"]
[EventRounds "11"]
[EventCountry "ENG"]
[Source "lmi"]
[SourceDate "2010.07.25"]

1. e4 d5 2. exd5 Nf6 3. Bb5+ Bd7 4. Bc4 b5 5. Bb3 Bg4 6. Nf3 Nbd7 7. d4 Nb6 8.
h3 Bh5 9. Qd3 a6 10. Ne5 Nfxd5 11. a4 bxa4 12. Rxa4 e6 13. Rxa6 Bd6 14. Qb5+
Kf8 15. Nc6 Qe8 16. Rxa8 Qxa8 17. c4 Nf4 18. Bxf4 Bxf4 19. O-O Bg6 20. g3 Be4
21. d5 Bg5 22. Nc3 Bf3 23. Bd1 Bxd1 24. Rxd1 exd5 25. cxd5 1-0

[Event "British Chess Championship 2010"]
[Site "Canterbury ENG"]
[Date "2010.07.29"]
[Round "4.18"]
[White "Tymrakiewicz, Rafal"]
[Black "Brown, Martin"]
[Result "1-0"]
[WhiteElo "2301"]
[BlackElo "2093"]
[PlyCount "147"]
[EventDate "2010.07.27"]
[EventType "swiss"]
[EventRounds "11"]
[EventCountry "ENG"]
[Source "lmi"]
[SourceDate "2010.07.25"]

1. d4 Nf6 2. Nf3 g6 3. Bg5 Bg7 4. e3 O-O 5. Be2 d5 6. O-O c5 7. c3 cxd4 8. cxd4
Qb6 9. Nc3 Rd8 10. a3 Bf5 11. Na4 Qc6 12. Rc1 Qe8 13. Rc7 Rc8 14. Rxc8 Qxc8 15.
Nc3 Qd8 16. Bxf6 Bxf6 17. Qb3 e6 18. Qxb7 Nd7 19. Qa6 Bg4 20. Rc1 Bxf3 21. Bxf3
Qb6 22. Qxb6 Nxb6 23. Be2 Rc8 24. Ba6 Rc7 25. Ne2 Rxc1+ 26. Nxc1 e5 27. Ne2 Kf8
28. Kf1 Ke7 29. Ke1 Kd6 30. Kd2 exd4 31. exd4 Kc6 32. Kd3 Na4 33. b3 Kb6 34.
Bc8 Kc7 35. Bg4 Nb6 36. Nc3 Kc6 37. Bf3 a5 38. Nxd5 Nxd5 39. Kc4 Be7 40. Bxd5+
Kc7 41. b4 axb4 42. axb4 f6 43. Bg8 h6 44. Kd5 Bxb4 45. Ke6 Bc3 46. d5 Kd8 47.
Kf7 g5 48. Kg6 Bd4 49. f3 Bg1 50. h4 gxh4 51. Kxf6 Bh2 52. Ke6 Bg3 53. d6 Bh2
54. Bf7 Bg3 55. Bg6 Bh2 56. Bf5 Bf4 57. d7 Bh2 58. Bg6 Bg3 59. Bc2 Bh2 60. Bb3
Bg3 61. Ba4 Bh2 62. Kf6 Bc7 63. Kg6 Ke7 64. Kh5 Bg3 65. Kxh6 Bf2 66. Kg5 Be1
67. Kg4 Bf2 68. f4 Be1 69. f5 Bf2 70. Kg5 Be1 71. f6+ Kd8 72. f7 Bb4 73. Kxh4
Ke7 74. f8=Q+ 1-0

[Event "British Chess Championship 2010"]
[Site "Canterbury ENG"]
[Date "2010.07.29"]
[Round "4.19"]
[White "McMichael, Richard J"]
[Black "Grant, David J"]
[Result "1-0"]
[WhiteElo "2287"]
[BlackElo "2082"]
[PlyCount "49"]
[EventDate "2010.07.27"]
[EventType "swiss"]
[EventRounds "11"]
[EventCountry "ENG"]
[Source "lmi"]
[SourceDate "2010.07.25"]

1. d4 Nf6 2. Nf3 e6 3. e3 b6 4. Bd3 Bb7 5. Nbd2 c5 6. O-O d6 7. c3 Nbd7 8. e4
Qc7 9. Re1 Be7 10. Nf1 a6 11. Qe2 c4 12. Bxc4 Nxe4 13. Ng3 Nxg3 14. hxg3 Nf6
15. Ng5 Qc6 16. f3 d5 17. Bd3 O-O 18. Bd2 Bd6 19. g4 Qc7 20. Nh3 Bg3 21. Rf1 e5
22. g5 Nd7 23. f4 e4 24. Bc2 f5 25. Qe3 1-0

[Event "British Chess Championship 2010"]
[Site "Canterbury ENG"]
[Date "2010.07.29"]
[Round "4.20"]
[White "Almond, Richard J"]
[Black "Dorrington, Chris J"]
[Result "0-1"]
[WhiteElo "2148"]
[BlackElo "2255"]
[PlyCount "96"]
[EventDate "2010.07.27"]
[EventType "swiss"]
[EventRounds "11"]
[EventCountry "ENG"]
[Source "lmi"]
[SourceDate "2010.07.25"]

1. d4 Nf6 2. c4 e6 3. Nc3 Bb4 4. Qc2 c5 5. dxc5 Bxc5 6. Nf3 O-O 7. Bg5 Be7 8.
e4 d6 9. Rd1 Qa5 10. Be2 Nbd7 11. O-O a6 12. a3 Qc7 13. Rd2 b6 14. Rfd1 Bb7 15.
Bf4 Ne5 16. b3 Rac8 17. a4 Qb8 18. h3 Rfe8 19. Be3 Ned7 20. Bf4 e5 21. Bg5 b5
22. axb5 axb5 23. Bd3 b4 24. Ne2 h6 25. Bxf6 Nxf6 26. Ng3 g6 27. Qa2 Bc6 28.
Re2 Bf8 29. Ra1 Nd7 30. Qa7 Nc5 31. Bc2 Qxa7 32. Rxa7 Ra8 33. Rxa8 Rxa8 34. Ne1
Ra3 35. Re3 h5 36. Nd3 Nxd3 37. Rxd3 h4 38. Nf1 Bxe4 39. Rd2 Bxc2 40. Rxc2 Rxb3
41. Ne3 Bh6 42. Nd5 Rb1+ 43. Kh2 b3 44. Rc3 b2 45. Rb3 Bc1 46. Nc3 Ra1 47. g4
hxg3+ 48. Kxg3 Bd2 0-1

[Event "British Chess Championship 2010"]
[Site "Canterbury ENG"]
[Date "2010.07.29"]
[Round "4.21"]
[White "Chapman, Terry P D"]
[Black "Mackle, Dominic"]
[Result "1-0"]
[WhiteElo "2251"]
[BlackElo "2021"]
[PlyCount "79"]
[EventDate "2010.07.27"]
[EventType "swiss"]
[EventRounds "11"]
[EventCountry "ENG"]
[Source "lmi"]
[SourceDate "2010.07.25"]

1. Nf3 b6 2. d3 Bb7 3. e4 e6 4. Nbd2 d6 5. c3 g6 6. d4 Bg7 7. Bd3 Ne7 8. O-O
Nd7 9. Re1 a6 10. Nf1 h6 11. Ng3 c5 12. Be3 O-O 13. Qd2 Kh7 14. Rad1 cxd4 15.
cxd4 b5 16. h4 e5 17. Bb1 exd4 18. Nxd4 Ne5 19. b3 Ng8 20. h5 Qh4 21. Nf3 Nxf3+
22. gxf3 Rad8 23. Bb6 Rde8 24. Kg2 Be5 25. Rh1 Qf6 26. Rc1 Rc8 27. a4 d5 28.
Be3 Rxc1 29. Qxc1 d4 30. Bxh6 Nxh6 31. hxg6+ Qxg6 32. f4 Rc8 33. Qd2 Bg7 34. f3
Kg8 35. axb5 axb5 36. f5 Qd6 37. Nh5 Qe5 38. Kf2 Kh7 39. Nxg7 Qxg7 40. f6 1-0

[Event "British Chess Championship 2010"]
[Site "Canterbury ENG"]
[Date "2010.07.29"]
[Round "4.22"]
[White "Jackson, James P"]
[Black "Addison, Bret C"]
[Result "1-0"]
[WhiteElo "2135"]
[BlackElo "2235"]
[PlyCount "99"]
[EventDate "2010.07.27"]
[EventType "swiss"]
[EventRounds "11"]
[EventCountry "ENG"]
[Source "lmi"]
[SourceDate "2010.07.25"]

1. e4 e5 2. Nf3 Nc6 3. Bb5 a6 4. Ba4 Nf6 5. O-O Be7 6. Re1 b5 7. Bb3 O-O 8. h3
Bb7 9. d3 d6 10. a3 Na5 11. Ba2 c5 12. Nc3 Nc6 13. Ne2 Bc8 14. Ng3 Be6 15. Bxe6
fxe6 16. c3 Qd7 17. a4 b4 18. d4 exd4 19. cxd4 c4 20. d5 exd5 21. exd5 Na5 22.
Nd4 Rf7 23. Ne6 Qb7 24. Ng5 Qxd5 25. Nxf7 Kxf7 26. Qe2 Re8 27. Be3 Nb3 28. Rad1
Qe6 29. Qc2 d5 30. Bg5 Qc6 31. Bxf6 Bxf6 32. Rxe8 Kxe8 33. Qxh7 Kf7 34. Nf5 Qe6
35. Qh5+ Kf8 36. Qf3 d4 37. g4 c3 38. bxc3 bxc3 39. Qd3 Qc6 40. Ng3 c2 41. Qxb3
cxd1=Q+ 42. Qxd1 Qc4 43. Nf1 Qc3 44. Kg2 a5 45. Qf3 Ke7 46. Qd5 d3 47. Ne3 g6
48. Qe4+ Kf7 49. Nd5 Qb3 50. Qf3 1-0

[Event "British Chess Championship 2010"]
[Site "Canterbury ENG"]
[Date "2010.07.29"]
[Round "4.23"]
[White "Ledger, Dave J"]
[Black "Messam-Sparks, Lateefah"]
[Result "1-0"]
[WhiteElo "2233"]
[BlackElo "1904"]
[PlyCount "43"]
[EventDate "2010.07.27"]
[EventType "swiss"]
[EventRounds "11"]
[EventCountry "ENG"]
[Source "lmi"]
[SourceDate "2010.07.25"]

1. e4 e5 2. f4 d5 3. exd5 exf4 4. Nf3 Qxd5 5. Nc3 Qd8 6. d4 Bd6 7. Bc4 Bg4 8.
O-O Nc6 9. Ne4 Be7 10. c3 f5 11. Nf2 Qd6 12. Nd3 g5 13. Re1 O-O-O 14. Re6 Bxf3
15. Qa4 Qd7 16. gxf3 Kb8 17. Bd2 Nf6 18. Rae1 Nd5 19. Bb5 Nb6 20. Qb3 Na5 21.
Bxd7 Nxb3 22. axb3 1-0

[Event "British Chess Championship 2010"]
[Site "Canterbury ENG"]
[Date "2010.07.29"]
[Round "4.24"]
[White "Goodger, Martyn"]
[Black "Snape, Ian L"]
[Result "1/2-1/2"]
[WhiteElo "2123"]
[BlackElo "2233"]
[PlyCount "64"]
[EventDate "2010.07.27"]
[EventType "swiss"]
[EventRounds "11"]
[EventCountry "ENG"]
[Source "lmi"]
[SourceDate "2010.07.25"]

1. e4 c5 2. c3 Qa5 3. Nf3 d6 4. Bc4 Nf6 5. Qe2 Nc6 6. h3 e5 7. O-O Be7 8. Rd1
O-O 9. d4 cxd4 10. cxd4 Nxd4 11. Nxd4 exd4 12. Rxd4 Qe5 13. Rd1 Be6 14. Nc3
Rac8 15. Nd5 Nxd5 16. Bxd5 Bxd5 17. Rxd5 Qe6 18. Qd3 f5 19. Rxf5 Rxf5 20. exf5
Qe1+ 21. Qf1 Qe4 22. Be3 Qxf5 23. Rc1 a6 24. Rxc8+ Qxc8 25. Qd3 Qc6 26. b3 Bf6
27. Kf1 d5 28. Bd4 Bxd4 29. Qxd4 Kf8 30. Qf4+ Kg8 31. Qb8+ Kf7 32. Qf4+ Kg8
1/2-1/2

[Event "British Chess Championship 2010"]
[Site "Canterbury ENG"]
[Date "2010.07.29"]
[Round "4.25"]
[White "Clarke, Brandon G I"]
[Black "Cumbers, Paul"]
[Result "1/2-1/2"]
[WhiteElo "2097"]
[BlackElo "2218"]
[PlyCount "120"]
[EventDate "2010.07.27"]
[EventType "swiss"]
[EventRounds "11"]
[EventCountry "ENG"]
[Source "lmi"]
[SourceDate "2010.07.25"]

1. e4 e6 2. d4 d5 3. e5 c5 4. c3 Nc6 5. Nf3 Qb6 6. a3 Nh6 7. b4 cxd4 8. cxd4
Nf5 9. Be3 f6 10. exf6 gxf6 11. Bd3 Nxe3 12. fxe3 Bh6 13. Qe2 Bd7 14. Nc3 O-O
15. g4 Qd8 16. Rg1 Be8 17. h4 Bg7 18. Qc2 h6 19. Ne2 e5 20. e4 f5 21. gxf5 Bh5
22. Nxe5 Qxh4+ 23. Ng3 Nxd4 24. Qf2 Nf3+ 25. Nxf3 Bxf3 26. Qxf3 dxe4 27. Qh5
Qf6 28. Bc4+ Kh8 29. Rc1 Rac8 30. Qg4 Qb2 31. Ne2 Rc7 32. Qxe4 b5 33. Bd3 Rxc1+
34. Nxc1 Bc3+ 35. Kf1 Qxc1+ 36. Kf2 Qd2+ 37. Kf3 Bf6 38. Rg6 Qd1+ 39. Kg2 Qd2+
40. Kh3 a6 41. Rxf6 Rxf6 42. Qe8+ Kg7 43. Qe7+ Kg8 44. Qxf6 Qxd3+ 45. Kh4 Qxa3
46. Qg6+ Kh8 47. Qxh6+ Kg8 48. Qe6+ Kf8 49. Qd6+ Kf7 50. Qd5+ Kf8 51. Qd8+ Kf7
52. Qd7+ Kf8 53. Qd4 Kf7 54. Kg5 Qg3+ 55. Qg4 Qe3+ 56. Kh5 Qe5 57. Qg6+ Kf8 58.
Kh6 Qh2+ 59. Qh5 Qd6+ 60. Qg6 Qh2+ 1/2-1/2

[Event "British Chess Championship 2010"]
[Site "Canterbury ENG"]
[Date "2010.07.29"]
[Round "4.26"]
[White "Jones, William E G"]
[Black "Vrubl, Jaroslav"]
[Result "1-0"]
[WhiteElo "2091"]
[BlackElo "2210"]
[PlyCount "95"]
[EventDate "2010.07.27"]
[EventType "swiss"]
[EventRounds "11"]
[EventCountry "ENG"]
[Source "lmi"]
[SourceDate "2010.07.25"]

1. e4 e5 2. Nf3 Nc6 3. Bb5 a6 4. Ba4 Nf6 5. O-O b5 6. Bb3 Be7 7. Re1 d6 8. c3
Bg4 9. d3 O-O 10. Nbd2 Re8 11. Nf1 Bf8 12. Ng3 Na5 13. Bc2 d5 14. h3 dxe4 15.
hxg4 exf3 16. b4 Nb7 17. g5 Nd5 18. Qxf3 c6 19. Ne4 Nd6 20. Bb3 Ra7 21. g4 Nxe4
22. dxe4 Nb6 23. Be3 c5 24. bxc5 Nc4 25. Red1 Qc8 26. Bxc4 bxc4 27. Qf5 Qc6 28.
Rd5 g6 29. Qf3 Qa4 30. Rad1 Rc7 31. Qf6 Bxc5 32. Bxc5 Rxc5 33. Rd7 Rf8 34. R1d6
Rcc8 35. Re7 Qb5 36. Rdd7 Qc6 37. Rxf7 Qxf6 38. Rxf6 Rb8 39. Kg2 Rb2 40. Rxf8+
Kxf8 41. Rc7 Rxa2 42. Rxc4 a5 43. Rc5 a4 44. Rxe5 a3 45. Ra5 Ra1 46. Kf3 Ke7
47. Ra6 a2 48. Kf4 1-0

[Event "British Chess Championship 2010"]
[Site "Canterbury ENG"]
[Date "2010.07.29"]
[Round "4.27"]
[White "Pleasants, Allan J"]
[Black "Adair, James"]
[Result "0-1"]
[WhiteElo "2032"]
[BlackElo "2205"]
[PlyCount "44"]
[EventDate "2010.07.27"]
[EventType "swiss"]
[EventRounds "11"]
[EventCountry "ENG"]
[Source "lmi"]
[SourceDate "2010.07.25"]

1. Nf3 Nf6 2. d4 e6 3. e3 c5 4. Bd3 cxd4 5. exd4 b6 6. Bg5 Bb7 7. Nbd2 Be7 8.
Bxf6 Bxf6 9. Qe2 Nc6 10. c3 Qc7 11. O-O O-O 12. Ne4 Be7 13. Rfe1 Rae8 14. Qd2
f5 15. Neg5 h6 16. Nh3 Bd6 17. Qe2 e5 18. Bc4+ Kh7 19. Nh4 g6 20. g4 exd4 21.
Qxe8 Rxe8 22. Rxe8 fxg4 0-1

[Event "British Chess Championship 2010"]
[Site "Canterbury ENG"]
[Date "2010.07.29"]
[Round "4.29"]
[White "Freeman, Richard C P"]
[Black "Eames, Robert S"]
[Result "1/2-1/2"]
[WhiteElo "2056"]
[BlackElo "2287"]
[PlyCount "108"]
[EventDate "2010.07.27"]
[EventType "swiss"]
[EventRounds "11"]
[EventCountry "ENG"]
[Source "lmi"]
[SourceDate "2010.07.25"]

1. c4 Nf6 2. g3 g6 3. Bg2 Bg7 4. Nc3 O-O 5. e4 d6 6. Nge2 c5 7. O-O Nc6 8. d3
a6 9. h3 Rb8 10. Be3 b5 11. Qd2 Nd7 12. f4 Nd4 13. Rae1 Nxe2+ 14. Rxe2 Qa5 15.
cxb5 axb5 16. Nd5 Qxa2 17. Nxe7+ Kh8 18. f5 Bb7 19. Bh6 Rbe8 20. Bxg7+ Kxg7 21.
f6+ Nxf6 22. Nf5+ Kg8 23. Nxd6 Nh5 24. Nxe8 Rxe8 25. Qe3 Qa7 26. Ref2 Re7 27.
g4 Ng7 28. b4 Ne6 29. Rc1 Qa3 30. bxc5 b4 31. c6 Ba6 32. Qd2 Rc7 33. Qb2 Qxd3
34. Qxb4 Nd4 35. Qd2 Qxd2 36. Rxd2 Ne2+ 37. Rxe2 Bxe2 38. e5 Kf8 39. Kf2 Ba6
40. Ke3 Bc8 41. Ra1 Ke7 42. Kd4 f6 43. exf6+ Kxf6 44. Kc5 Re7 45. Ra8 Re2 46.
Rxc8 Rxg2 47. c7 Rc2+ 48. Kd6 Rd2+ 49. Kc6 Rc2+ 50. Kd7 Rd2+ 51. Ke8 Rc2 52. h4
Ke6 53. Kd8 Rd2+ 54. Ke8 Rc2 1/2-1/2

[Event "British Chess Championship 2010"]
[Site "Canterbury ENG"]
[Date "2010.07.29"]
[Round "4.30"]
[White "Bucher, Grant W"]
[Black "Maciol, Ryszard"]
[Result "1/2-1/2"]
[WhiteElo "2012"]
[BlackElo "2239"]
[PlyCount "82"]
[EventDate "2010.07.27"]
[EventType "swiss"]
[EventRounds "11"]
[EventCountry "ENG"]
[Source "lmi"]
[SourceDate "2010.07.25"]

1. e4 e6 2. d4 d5 3. Nd2 Be7 4. Bd3 c5 5. dxc5 Bxc5 6. Nb3 Bd6 7. exd5 exd5 8.
Qe2+ Ne7 9. Nf3 Nbc6 10. Nfd4 Ne5 11. Bb5+ Bd7 12. f4 N5c6 13. Be3 O-O 14. O-O
Re8 15. c3 Nxd4 16. Nxd4 Nc6 17. Bxc6 bxc6 18. Qf2 Qf6 19. Nb3 Bg4 20. Bd4 Qf5
21. Rae1 Rxe1 22. Qxe1 Qd3 23. Qh4 Qg6 24. h3 Bf5 25. Rf3 Qe6 26. Re3 Be4 27.
Nc5 Bxc5 28. Bxc5 f6 29. Rg3 a5 30. Qg4 Qxg4 31. hxg4 Rb8 32. b4 a4 33. a3 Re8
34. Re3 Kf7 35. Kf2 Kg6 36. Rh3 h6 37. f5+ Kf7 38. Re3 g6 39. fxg6+ Kxg6 40.
Rh3 Rg8 41. Be3 Rh8 1/2-1/2

[Event "British Chess Championship 2010"]
[Site "Canterbury ENG"]
[Date "2010.07.29"]
[Round "4.31"]
[White "Ynojosa-Aponte, Felix Jose"]
[Black "Van Kemenade, Rudy"]
[Result "1-0"]
[WhiteElo "2224"]
[BlackElo "1995"]
[PlyCount "53"]
[EventDate "2010.07.27"]
[EventType "swiss"]
[EventRounds "11"]
[EventCountry "ENG"]
[Source "lmi"]
[SourceDate "2010.07.25"]

1. e4 e5 2. Bc4 Nf6 3. d3 Bc5 4. Nc3 c6 5. Nf3 d6 6. O-O O-O 7. Bg5 h6 8. Bh4
b5 9. Bb3 a5 10. a3 Ba7 11. Bxf6 Qxf6 12. Nxb5 cxb5 13. Bd5 Bxf2+ 14. Rxf2 Ra7
15. Nd4 Qg6 16. Nxb5 Re7 17. Qd2 Kh8 18. Qxa5 f5 19. exf5 Bxf5 20. Raf1 Nd7 21.
Be4 Ref7 22. Rxf5 Rxf5 23. Rxf5 Rxf5 24. Qd8+ Nf8 25. Nxd6 Qf6 26. Bxf5 Qxd8
27. Nf7+ 1-0

[Event "British Chess Championship 2010"]
[Site "Canterbury ENG"]
[Date "2010.07.29"]
[Round "4.32"]
[White "Cumming, Rhys"]
[Black "Helbig, Paul D"]
[Result "1-0"]
[WhiteElo "1986"]
[BlackElo "2160"]
[PlyCount "135"]
[EventDate "2010.07.27"]
[EventType "swiss"]
[EventRounds "11"]
[EventCountry "ENG"]
[Source "lmi"]
[SourceDate "2010.07.25"]

1. e4 e5 2. Nf3 Nc6 3. Bb5 Nge7 4. O-O g6 5. Re1 Bg7 6. c3 O-O 7. d3 a6 8. Ba4
d6 9. Be3 h6 10. d4 Kh7 11. dxe5 Nxe5 12. Nxe5 Bxe5 13. Bd4 Be6 14. Bxe5 dxe5
15. Nd2 Qd6 16. Qe2 Rad8 17. Red1 Qb6 18. Bb3 Bxb3 19. Nxb3 Nc6 20. Qc4 Kg7 21.
Qc5 Rxd1+ 22. Rxd1 Rd8 23. Rxd8 Qxc5 24. Rg8+ Kxg8 25. Nxc5 Nd8 26. Nd7 Nc6 27.
Nf6+ Kf8 28. b3 Ke7 29. Ng8+ Ke6 30. Nxh6 Na7 31. a4 f5 32. exf5+ gxf5 33. g4
fxg4 34. Nxg4 c5 35. h4 b5 36. c4 b4 37. Ne3 Nc6 38. Nf1 Nd4 39. Nd2 e4 40. Kg2
Kf5 41. Kg3 Ne2+ 42. Kh3 Nf4+ 43. Kh2 Ke5 44. Kg3 Kf5 45. Nf1 Ne2+ 46. Kh3 Nf4+
47. Kh2 Nd3 48. Ng3+ Ke5 49. Kg1 Nc1 50. h5 Nxb3 51. Nxe4 Nc1 52. h6 Ne2+ 53.
Kf1 Nf4 54. Nxc5 Kd4 55. Ne6+ Kxc4 56. Nxf4 b3 57. h7 b2 58. h8=Q b1=Q+ 59. Kg2
Qb7+ 60. f3 Kb3 61. Qd4 Qc8 62. Ne2 Qc6 63. Qd3+ Kb2 64. a5 Qh6 65. Qc3+ Kb1
66. Qc1+ Qxc1 67. Nxc1 Kxc1 68. f4 1-0

[Event "British Chess Championship 2010"]
[Site "Canterbury ENG"]
[Date "2010.07.29"]
[Round "4.33"]
[White "Josse, Mark"]
[Black "Sathyanandha, Saravanan"]
[Result "1-0"]
[WhiteElo "2128"]
[BlackElo "1986"]
[PlyCount "77"]
[EventDate "2010.07.27"]
[EventType "swiss"]
[EventRounds "11"]
[EventCountry "ENG"]
[Source "lmi"]
[SourceDate "2010.07.25"]

1. e4 e6 2. d4 d5 3. Nd2 Nf6 4. e5 Nfd7 5. Bd3 c5 6. c3 Nc6 7. Ngf3 Be7 8. O-O
a5 9. Re1 cxd4 10. cxd4 g5 11. h3 h5 12. Nf1 g4 13. hxg4 hxg4 14. N3h2 Bb4 15.
Re3 Qh4 16. Rg3 f5 17. Bb5 Kf7 18. Be3 Be7 19. f3 gxf3 20. Rh3 fxg2 21. Rxh4
gxf1=Q+ 22. Qxf1 Rxh4 23. Nf3 Rh5 24. Kf2 Nf8 25. Qg2 Bd7 26. Rg1 Rc8 27. Be2
f4 28. Bxf4 Rf5 29. Be3 Bh4+ 30. Kf1 Nxd4 31. Qg7+ Ke8 32. Bxd4 Rc1+ 33. Kg2
Rc2 34. Nxh4 Rxe2+ 35. Kh3 Rf7 36. Qg5 Bb5 37. Bb6 Kd7 38. Qd8+ Kc6 39. Qd6#
1-0

[Event "British Chess Championship 2010"]
[Site "Canterbury ENG"]
[Date "2010.07.29"]
[Round "4.34"]
[White "Ball, Laurence"]
[Black "Tambini, Jasper"]
[Result "1-0"]
[WhiteElo "2106"]
[BlackElo "1890"]
[PlyCount "75"]
[EventDate "2010.07.27"]
[EventType "swiss"]
[EventRounds "11"]
[EventCountry "ENG"]
[Source "lmi"]
[SourceDate "2010.07.25"]

1. e4 e5 2. Nc3 Nf6 3. Bc4 Nc6 4. d3 Bb4 5. Nge2 d6 6. O-O Be6 7. Nd5 Bxd5 8.
exd5 Ne7 9. Bg5 Nd7 10. c3 Bc5 11. b4 Bb6 12. Bb3 h6 13. Be3 Bxe3 14. fxe3 f5
15. d4 Nb6 16. dxe5 dxe5 17. c4 Qd7 18. Qd2 O-O-O 19. a4 Kb8 20. Qc3 Rhe8 21.
a5 Nbc8 22. Ba4 c6 23. Qxe5+ Qd6 24. Qc3 Rf8 25. dxc6 Nxc6 26. Bxc6 Qxc6 27.
Nd4 Qg6 28. c5 Ne7 29. b5 Nd5 30. Qd3 Rfe8 31. Rae1 Rf8 32. c6 b6 33. axb6 axb6
34. Qa3 Kc7 35. e4 Ra8 36. Qb3 fxe4 37. Qxd5 Rfd8 38. Ne6+ 1-0